| 000 | 00616cab a2200205 4500 | ||
|---|---|---|---|
| 001 | ABS37451 | ||
| 008 | 090401t1987 xxu||||| |||| 00| 0 eng d | ||
| 035 | _a(Sirsi) u4610 | ||
| 041 | _aeng | ||
| 245 | _aUnitisation of commercial property | ||
| 260 | _c1987 | ||
| 350 | _a0 | ||
| 490 |
_aChartered Surveyor Weekly _v18(7) 19 February 1987, 73(1) |
||
| 520 | _aSummarises the main points of the RICS supplementary report The unitisation of commercial property. | ||
| 650 | _aINVESTMENT | ||
| 650 | _aSINGLE PROPERTY UNIT TRUST | ||
| 690 | _aPROPERTY-COMMERCIAL PROPERTY | ||
| 942 | _n0 | ||
| 948 | _c04/03/1997 | ||
| 999 |
_c2791 _d2791 |
||